000 00495nam a2200133 4500
999 _c9040
_d9040
008 180405b ||||| |||| 00| 0 eng d
082 _aDPer 050 Dec 2015-Mar 2016 T48 v186-187
100 _927156
_aAltman, Alex.
245 _aThe thin green line:
_binside the fight over fossil fuels in the Pacific Northwest/
_cAlex Altman.
260 _aNew York:
_bTime Inc.,
_c©Dec 2015-Mar 2016.
300 _av187 n5, pages 38-41:
_billustrations;
_c27 cm.
650 0 _927157
_aFuel.
942 _2ddc
_cPER